000 00706nam a2200217 i 4500
001 115557
003 ES-MaACL
005 20230906190502.0
007 t|
008 070315s1930 mx ||||1| spa d
080 _a016:92(72)
100 1 _aIguiniz, Juan B.
_9186306
245 1 0 _aBibliografía biográfica mexicana /
_cJuan B. Iguiniz.
260 _aMéxico :
_b[s.n.],
_c1930 (
_fImp. de la Secretaría de Relaciones Exteriores)
300 _a546 p. ;
_c20 cm.
490 1 _aMonografías bibliográficas mexicanas ;
_v18
505 8 _aContiene: Repertorios biográficos
830 0 _aMonografías bibliográficas mexicanas ;
_v18
_9186305
852 _aES-MaACL
_jB-13419
999 _c115557
_d115557